The future of the green belt (Record no. 105113)
[ view plain ]
| 000 -LEADER | |
|---|---|
| fixed length control field | 00966cam a2200277 4500 |
| 001 - CONTROL NUMBER | |
| control field | ##L132379 |
| 008 - FIXED-LENGTH DATA ELEMENTS--GENERAL INFORMATION | |
| fixed length control field | 060201n1974 000 0 eng u |
| 020 ## - INTERNATIONAL STANDARD BOOK NUMBER | |
| International Standard Book Number | 0902132113 |
| 035 ## - SYSTEM CONTROL NUMBER | |
| System control number | (Sirsi) u132379 |
| 041 0# - LANGUAGE CODE | |
| Language code of text/sound track or separate title | eng |
| 050 04 - LIBRARY OF CONGRESS CALL NUMBER | |
| Classification number | 711.558 $2 18 |
| 100 1# - MAIN ENTRY--PERSONAL NAME | |
| Personal name | Hall, Peter |
| 245 04 - TITLE STATEMENT | |
| Title | The future of the green belt |
| 260 ## - PUBLICATION, DISTRIBUTION, ETC. | |
| Place of publication, distribution, etc. | Reading |
| Name of publisher, distributor, etc. | College of Estate Management |
| Date of publication, distribution, etc. | 1974 |
| 300 ## - PHYSICAL DESCRIPTION | |
| Extent | 32p. |
| Dimensions | 21cm. |
| 350 ## - PRICE (NR) (BK AM CF MU VM SE) [OBSOLETE] | |
| Price | 0.5 |
| 490 #0 - SERIES STATEMENT | |
| Series statement | Occasional Papers in Estate Management |
| Volume/sequential designation | 5 |
| 505 0# - FORMATTED CONTENTS NOTE | |
| Formatted contents note | The green belt: its past and future justification - Minerals and the green belt - The growth of urban areas - The need for practical green belt policies |
| 520 ## - SUMMARY, ETC. | |
| Summary, etc. | Collection of four essays investigating the factors behind green belt policies. |
| 690 ## - LOCAL SUBJECT ADDED ENTRY--TOPICAL TERM (OCLC, RLIN) | |
| Topical term or geographic name as entry element | Planning and development |
| 9 (RLIN) | 6259 |
| 700 1# - ADDED ENTRY--PERSONAL NAME | |
| Personal name | Mortimer, G. J. |
| 700 1# - ADDED ENTRY--PERSONAL NAME | |
| Personal name | Warren-Evans, J. R. |
| 700 1# - ADDED ENTRY--PERSONAL NAME | |
| Personal name | Layfield, F. H. B. W. |
| 710 2# - ADDED ENTRY--CORPORATE NAME | |
| Corporate name or jurisdiction name as entry element | College of Estate Management |
| 9 (RLIN) | 400 |
| 942 ## - ADDED ENTRY ELEMENTS (KOHA) | |
| Suppress in OPAC | 0 |
| Withdrawn status | Lost status | Source of classification or shelving scheme | Damaged status | Not for loan | Home library | Current library | Shelving location | Date acquired | Total Checkouts | Full call number | Barcode | Date last seen | Copy number | Price effective from | Koha item type |
|---|---|---|---|---|---|---|---|---|---|---|---|---|---|---|---|
| Dewey Decimal Classification | London | London | Basement | 01/02/2006 | SHELF 206 | 30071788 | 06/08/2019 | 1 | 06/08/2019 | Book |